| 000 | 00628nam a22001937a 4500 | ||
|---|---|---|---|
| 003 | OSt | ||
| 005 | 20251010015017.0 | ||
| 008 | 251010b |||||||| |||| 00| 0 eng d | ||
| 020 | _a0-8264-9328-9 | ||
| 040 |
_aDWCL-Admin lib _cOC |
||
| 082 | _aCirc. 371.14 M848h 2007 | ||
| 100 | _aMorgan, Jill | ||
| 245 |
_aHow to be a successful teaching assistant/ _cJill Morgan |
||
| 260 |
_aLondon: _bContinuum International Pub. Group. _cc2007. |
||
| 300 |
_aviii, 141 p. : ill. ; _c20cm. |
||
| 504 | _aIncludes bibliographical references. | ||
| 650 | _a1. Teacher's assistants- Vocational guidance. | ||
| 942 |
_2ddc _cBK-CIRC _kCirc. _n0 |
||
| 999 |
_c4797 _d4797 |
||